00322 a2200133 450000100060000002000180000604000260002410000200005024000380007024500330010830000070014136200090014865000310015748448 a9788526008502 cAnchieta - Bela Vista aSandroni, Paula10aMinha avó já foi bebê!lpor10aMinha avó já foi bebê! a130 a2002 4aLiteratura infanto-juvenil